Précis d'initiation au cinéma

Tallennettuna:
Bibliografiset tiedot
Päätekijät: Agel, Henri (Tekijä), Agel, Geneviève (Tekijä)
Aineistotyyppi: Kirja
Kieli:ranska
Julkaistu: París L'Ecole 1967
Painos:5a. ed
Aiheet:
Tagit: Lisää tagi
Ei tageja, Lisää ensimmäinen tagi!

MARC

LEADER 00000nam a2200000 a 4500
001 UCU2435
003 CL-VaPUC
008 960426e19670000FR |||||||||||||||||fre|d
082 0 4 |a 791.437  |b AGE  |2 21 
100 0 |a Agel, Henri  |e author  |9 358569 
700 0 |a Agel, Geneviève  |e author  |9 358570 
245 1 0 |a Précis d'initiation au cinéma 
250 |a 5a. ed 
300 |a 402 p 
942 |c BK 
945 |d 19960426 00:00:00  |a rleighto 
260 |a París  |b L'Ecole  |c 1967 
600 0 7 |a CHAPLIN, CHARLES  |2 CL-VaPUC  |9 266490 
600 0 7 |a FLAHERT, ROBERT  |2 CL-VaPUC  |9 358571 
600 0 7 |a FORD, JOHN  |2 CL-VaPUC  |9 266426 
600 0 7 |a CLAIR, RENE  |2 CL-VaPUC  |9 358572 
600 0 7 |a SICA, VITTORIO DE  |2 CL-VaPUC  |9 358573 
600 0 7 |a COCTEAU, JEAN  |2 CL-VaPUC  |9 266449 
600 0 7 |a BRESSON, ROBERT  |2 CL-VaPUC  |9 266416 
600 0 7 |a TATI, JACQUES  |2 CL-VaPUC  |9 266421 
650 0 |a Cine  |9 225706 
650 7 |a PELICULAS DE GUERRA  |2 CL-VaPUC  |9 358574 
650 7 |a PELICULAS DE SUSPENSO  |2 CL-VaPUC  |9 358575 
650 7 |a PELICULAS DE AMOR  |2 CL-VaPUC  |9 358576 
650 7 |a PELICULAS DE CIENCIA FICCION  |2 CL-VaPUC  |9 358577 
650 7 |a PELICULAS DOCUMENTALES  |2 CL-VaPUC  |9 358578 
650 7 |a PELICULAS DE NIÑOS  |2 CL-VaPUC  |9 358579 
650 7 |a FILMACION  |2 CL-VaPUC  |9 336722 
650 7 |a PRODUCTORES DE CINE  |2 CL-VaPUC  |9 358580 
650 0 |a Actores   |9 302313 
650 7 |a LARGOMETRAJES  |2 CL-VaPUC  |9 358582 
650 0 |a Cortometrajes  |9 358583 
583 |a last modification  |c 19960426 00:00:00  |k Rodrigo Vera 
999 |c 246730  |d 246728 
952 |0 0  |1 0  |4 0  |6 791_437000000000000_AGE_1967  |7 0  |8 R  |9 261922  |a BIBART  |b BIBART  |d 2019-11-19  |i 3126579  |o 791.437 AGE 1967  |p 3126579  |r 2025-03-13  |w 2019-11-19  |y BK_R  |k ART